Kozmetické aspekty kože po permanentnom tetovaní bakalárska práca

Na minha lista:
Detalhes bibliográficos
Autor principal: Svobodová, Michaela
Formato: Livro
Idioma:eslovaco
Publicado em: Bratislava STU FCHPT 2018
Acesso em linha:View in OPAC
Tags: Adicionar Tag
Sem tags, seja o primeiro a adicionar uma tag!

MARC

LEADER 00000nam a2200000 a 4500
005 20260127134118.0
008 180926 2018 xo a 001 0 slo d
035 |a vtls011781222 
039 9 |y 201809261343  |z mschk03 
040 |a STUSCHK1  |b slo  |c STUSCHK1  |e AACR2 
100 1 |a Svobodová, Michaela 
245 1 |a Kozmetické aspekty kože po permanentnom tetovaní  |b bakalárska práca  |c 2018 
260 |a Bratislava  |b STU FCHPT  |c 2018 
300 |a 44 s.  |b il.  |c 25 cm 
500 |a Študijný program: výživa, kozmetika, ochrana zdravia 
500 |a Študijný odbor: potravinárstvo 
500 |a Školiace pracovisko: Oddelenie potravinárskej technológie 
500 |a Evid. číslo: FCHPT-104558-82187 
910 |a SCHK95 
999 |c 4366  |d 4366